Grootste eilanden binnen de Noordpoolcirkel op een kaart - Statistieken

Algemene statistieken
  • Deze quiz is 13 keer genomen
  • De gemiddelde score is 7 van 24
Antwoorden op de kaart
Antwoorden kleurgecodeerd door een groen-rode schaal op de quizkaart volgens % correct hieronder.
 
Antwoordstatistieken
Eiland % Correct
Groenland
100%
Ijsland
91%
Spitsbergen
73%
Baffineiland
36%
Ellesmere-eiland
36%
Bankseiland
27%
Severnyeiland
27%
Axel Heibergeiland
18%
Bathursteiland
18%
Bolsjevik
18%
Byloteiland
18%
Devoneiland
18%
Ellef Ringnes-eiland
18%
Joezjnyeiland
18%
Koning Willemeiland
18%
Kotelny
18%
Melville-eiland
18%
Nordaustlandet
18%
Oktoberrevolutie
18%
Prins Patrickeiland
18%
Prins van Waleseiland
18%
Somerseteiland
18%
Southamptoneiland
18%
Victoria-eiland
18%
Geen overeenkomende quizzen gevonden
Scoreverdeling
Procent van Mensen met Elke Score
Percentiel versus Aantal Correcte Antwoorden
Uw Scoregeschiedenis
U heeft deze quiz nog niet genomen